Readings in applied economics / (Record no. 42892)
[ view plain ]
| 000 -LEADER | |
|---|---|
| fixed length control field | 01892nam a2200241 a 4500 |
| 001 - CONTROL NUMBER | |
| control field | 42892 |
| 003 - CONTROL NUMBER IDENTIFIER | |
| rucl marc code | BD-RjUL |
| 005 - DATE AND TIME OF LATEST TRANSACTION | |
| control field | 20211209053618.0 |
| 008 - FIXED-LENGTH DATA ELEMENTS--GENERAL INFORMATION | |
| fixed length control field | 160616s1977 ii 001 0 eng |
| 035 ## - SYSTEM CONTROL NUMBER | |
| System control number | (BD-RjUL)43010 |
| 040 ## - CATALOGING SOURCE | |
| Original cataloging agency | DLC |
| Transcribing agency | DLC |
| Modifying agency | DLC |
| -- | BD-RjUL |
| Language of cataloging | eng |
| 041 ## - LANGUAGE CODE | |
| Language code of text/sound track or separate title | eng |
| 082 00 - DEWEY DECIMAL CLASSIFICATION NUMBER | |
| Classification number | 330.95405 |
| Edition number | 23 |
| Author mark and year | REA 1977 |
| 245 00 - TITLE STATEMENT | |
| Title | Readings in applied economics / |
| Statement of responsibility, etc. | editor-in-chief, H. M. Mathur. |
| 260 ## - PUBLICATION, DISTRIBUTION, ETC. (IMPRINT) | |
| Place of publication, distribution, etc. | New Delhi : |
| Name of publisher, distributor, etc. | National, |
| Date of publication, distribution, etc. | 1977. |
| 300 ## - PHYSICAL DESCRIPTION | |
| Pagination | xvi, 263 p. ; |
| Size | 23 cm. |
| 500 ## - GENERAL NOTE | |
| General note | Includes index. |
| 505 0# - FORMATTED CONTENTS NOTE | |
| Formatted contents note | Srivastava, J. P. Institutional changes and productivity growth.--Kulshreshtha, R. S. Changing corporate management structure in India.--Sharma, S. C. Role of efficacy of fertiliser input in the early stages of green revolution: a case study of selected districts of Rajasthan.--Mishra, R. K. Manufacturing public enterprises in India's exports.--Agrawal, H. N. Concept of social obligations of business and Indian economy.--Tandon, J. K. and Tandon, K. Experience with floating exchange rates, 1971-75.--Mishra, P. Evolution of development banking.--Pathak, P. The case for unified administration of foreign exchange controls and trade controls in India.--Kothari, C. R. Role of quantitative techniques in business and industry.--Mantri, V. S. The concept of productivity in relation to Banks.--Deo, S. Development banking in India: a case study of IDBI.--Mathur, A. B. L. India's terms of trade with U.S.A., 1951-52 to 1968-69.--Mathur, H. M. Regional industrial imbalances and the central development banks.--Sharma, G. D. Working of state enterprises in Rajasthan.--Baijal, S. L. Cooperation in the socialist economy of India.--Shenoy, B. R. Janata's economic tasks.--Brahmananda, P. R. Budget for the Janata. |
| 651 #0 - SUBJECT ADDED ENTRY--GEOGRAPHIC NAME | |
| Geographic name | India |
| General subdivision | Economic conditions |
| 9 (RLIN) | 124417 |
| 700 1# - ADDED ENTRY--PERSONAL NAME | |
| Personal name | Mathur, Hari Mohan. |
| 942 ## - ADDED ENTRY ELEMENTS (KOHA) | |
| Source of classification or shelving scheme | Dewey Decimal Classification |
| Koha item type | Books |
| Lost status | Source of classification or shelving scheme | Damaged status | Not for loan | Collection code | Permanent Location | Current Location | Shelving location | Date acquired | Source of acquisition | Cost, normal purchase price | Total Checkouts | Full call number | Date last seen | Copy number | Koha item type |
|---|---|---|---|---|---|---|---|---|---|---|---|---|---|---|---|
| Dewey Decimal Classification | Non-fiction | Central Library, University of Rajshahi | Central Library, University of Rajshahi | 23/04/1985 | Tulip | 60.00 | 330.95405 REA 1977 | 16/06/2016 | C-2 | Books | |||||
| Dewey Decimal Classification | Non-fiction | Central Library, University of Rajshahi | Central Library, University of Rajshahi | 23/04/1985 | Tulip | 60.00 | 330.95405 REA 1977 | 16/06/2016 | C-3 | Books | |||||
| Dewey Decimal Classification | Non-fiction | Central Library, University of Rajshahi | Central Library, University of Rajshahi | 23/04/1985 | Tulip | 60.00 | 330.95405 REA 1977 | 16/06/2016 | C-4 | Books | |||||
| Dewey Decimal Classification | Non-fiction | Central Library, University of Rajshahi | Central Library, University of Rajshahi | 23/04/1985 | Tulip . | 60.00 | 330.95405 REA 1977 | 06/09/2016 | C-5 | Books | |||||
| Dewey Decimal Classification | Not For Loan | Non-fiction | Central Library, University of Rajshahi | Central Library, University of Rajshahi | Reading Room | 23/04/1985 | Tulip | 60.00 | 330.95405 REA 1977 | 18/12/2016 | C-1 | Books |